|
|
|
|
| LEADER |
01558nam a2200277 a 4500 |
| 008 |
100127s1949 nyua b 001 0 eng d |
| 040 |
|
|
|a DLC
|c DLC
|d DLC
|d BD-DhAAL
|
| 082 |
0 |
0 |
|a 909
|
| 100 |
1 |
|
|a Wallbank, T. Walter,
|q (Thomas Walter).
|
| 245 |
0 |
0 |
|a Civilization :
|b past & present /
|c by T. Walter Wallbank and Alastair M. Taylor.
|
| 250 |
|
|
|a Rev ed.
|
| 260 |
|
|
|a New York :
|b Scott, Foresman,
|c 1949.
|
| 300 |
|
|
|a xiv, 666 p. :
|b illus. (part col.), col. maps, ports. ;
|c 28 cm.
|
| 362 |
0 |
|
|a Vol. 2
|
| 500 |
|
|
|a "From the beginnings of the modern era to the present time"... Vol. 2.
|
| 504 |
|
|
|a Includes bibliographical references and index.
|
| 541 |
1 |
|
|e 00010861
|
| 650 |
|
0 |
|a Civilization.
|
| 700 |
1 |
|
|a Taylor, Alastair M.
|
| 852 |
4 |
|
|a Ayesha Abed Library
|j General Shelf
|
| 942 |
0 |
0 |
|0 1
|
| 999 |
|
|
|c 7244
|d 7244
|
| 952 |
|
|
|0 0
|1 4
|2 ddc
|4 1
|6 909_000000000000000_WAL
|7 0
|9 7552
|a BRACUL
|b BRACUL
|c SPS
|d 2010-01-28
|l 5
|m 6
|o 909 WAL
|p 3010010861
|r 2018-07-05
|s 2018-05-23
|t 1
|w 2010-01-28
|y BK
|x Koha Inventory 2020
|
| 952 |
|
|
|0 0
|1 4
|2 ddc
|4 1
|6 909_000000000000000_WAL
|7 0
|9 7562
|a BRACUL
|b BRACUL
|c SPS
|d 2010-01-28
|l 15
|m 47
|o 909 WAL
|p 3010010255
|r 2018-07-04
|s 2018-05-23
|t 2
|w 2010-01-28
|y BK
|x Koha Inventory 2020
|
| 952 |
|
|
|0 0
|1 4
|2 ddc
|4 1
|6 909_000000000000000_WAL
|7 0
|9 7835
|a BRACUL
|b BRACUL
|c SPS
|d 2010-02-08
|l 6
|m 8
|o 909 WAL
|p 3010012638
|r 2018-06-11
|s 2018-05-09
|t 3
|w 2010-02-08
|y BK
|x Koha Inventory 2020
|
| 952 |
|
|
|0 0
|1 4
|2 ddc
|4 1
|6 909_000000000000000_WAL
|7 0
|9 8252
|a BRACUL
|b BRACUL
|c SPS
|d 2010-02-17
|l 14
|m 32
|o 909 WAL
|p 3010010256
|r 2017-08-08
|s 2017-06-18
|t 4
|w 2010-02-17
|y BK
|x Koha Inventory 2020
|